| 000 | 00457cam a22001932a 4500 | ||
|---|---|---|---|
| 001 | 000711 | ||
| 003 | AR-FADEU | ||
| 008 | 311216n1966####xxu####################dd | ||
| 092 |
_a340.1 _bC316so |
||
| 100 | _aCarrió, Genaro R. | ||
| 245 | _aSobre el concepto de deber jurídico | ||
| 260 | _aBuenos Aires | ||
| 260 | _bAbeledo-Perrot | ||
| 260 | _c1966 | ||
| 300 | _a57 p | ||
| 440 | _aNueva teoría | ||
| 650 | _aDERECHO-FILOSOFIA | ||
| 942 | _cBDGR | ||
| 999 |
_c6551 _d6551 |
||